000 00817nam a2200205 a 4500
001 000036310
005 20200930075648.0
008 120113s1972 mx 000 0 spa d
040 _aDO-SdBNP
_bspa
_cBNPHU
100 1 _aWeston, Paul B.
_962457
245 1 0 _aDirección y control de tránsito /
_cPaul B. Weston ; versión española Leonor Tejada Conde-Pelayo ; revisión Jorge Peña Reyes.
260 _aMéxico :
_bLimusa-Wiley,
_c1972.
300 _a273 p ;
_c23 cm.
500 _aA pie de portada: Centro Regional de Ayuda Técnica, Agencia para el Desarrollo Internacional (AID)
650 2 4 _aControl de tránsito
_962458
650 2 4 _aTránsito terrestre
_962459
650 2 4 _aPolicía de tránsito
_962460
700 1 _aTejada Conde-Pelayo, Leonor,
_etrad.
_95231
700 1 _aPeña Reyes, Jorge,
_erev.
_962461
999 _c35801
_d35801